Rhizoctonia and other disease of cover plants (Record no. 67099)

MARC details
000 -LEADER
fixed length control field 00325nam a2200133Ia 4500
100 ## - MAIN ENTRY--AUTHOR NAME
Personal name John K P
245 #0 - TITLE STATEMENT
Title Rhizoctonia and other disease of cover plants
260 ## - PUBLICATION, DISTRIBUTION, ETC. (IMPRINT)
Name of publisher Planter
Year of publication 1964
300 ## - PHYSICAL DESCRIPTION
Number of Pages 394-396
650 ## - SUBJECT ADDED ENTRY--TOPICAL TERM
Topical Term Cover plants
650 ## - SUBJECT ADDED ENTRY--TOPICAL TERM
Topical Term Rhizoctonia
942 ## - ADDED ENTRY ELEMENTS (KOHA)
Koha item type Journals
Holdings
Withdrawn status Lost status Damaged status Not for loan Home library Current library Shelving location Date acquired Serial Enumeration / chronology Koha item type
      Journals RRII Library RRII Library Botany 17/12/2021 Volume 40, Issue 8 Journals